000
00295 a2200133 4500
000
nam a22 7a 4500
100
_a
Kumar,Amit
110
_a
Kumar,Amit
245
_a
Astanga Vinayasa YogaK
250
_a
latest edition
260
_b
Oxford
_c
2025
264
_b
Oxford
_c
2025
942
_c
BK
999
_c
396235
_d
396235